El trastorno mental transitorio en las relaciones de derecho privado

Detalles Bibliográficos
Autores principales: Moreno Navarrete, Miguel aÌ‚Angel, Morillas Fernǹdez, Marta (Autor)
Formato: Desconocido
Lenguaje:español
Publicado: Madrid : Dykinson, 2008
Materias:
Acceso en línea:Acceso restringido

MARC

LEADER 00000ny a22000003n 4500
005 20110519112838.0
006 m u
007 cr cn|||||||||
008 200903r2008 sp |||||s|||||||||||spa d
020 |a 9788498492774 
035 |a 2773 
040 |a FlNmELB  |c FlNmELB  |d vLex 
080 |a 347.155 
090 |c 32  |d 32 
100 1 |a Moreno Navarrete, Miguel aÌ‚Angel 
245 1 3 |a El trastorno mental transitorio en las relaciones de derecho privado  |h [Recurso electrn̤ico]  |c Miguel ℓngel Moreno Navarrete, Marta Morillas Fernǹdez 
256 |a Servicio en ln̕ea 
260 |a Madrid :  |b Dykinson,  |c 2008 
300 |a 182 p ; 
506 1 |a Contenido solo disponible en los productos indicados  |d vLex Global  |d vLex Global (Academic Edition, excluding Law Schools)  |d vLex Global (U.S. Academic Edition, Law Schools)  |d vLex Global (U.S. Academic Edition, excluding Law Schools)  |d vLex Global (Academic Edition, Law Schools) 
650 0 7 |a Incapaz  |2 Tesauro vLex 
650 0 7 |a Trastorno mental transitorio  |2 Tesauro vLex 
700 1 |a Morillas Fernǹdez, Marta,   |e aut 
740 0 |a vLex Libros (Servicios en ln̕ea) 
856 4 0 |u http://vlex.com/source/2773  |z Acceso restringido 
942 |c BOOK 
999 0 |a Capacity and disability  |b Spain